1861 1640 1268 1768 1898 1626 1096 1819 1253 1906 1325 1566 1638 1412 1328 1305 1815 1493 1790 1735 1387 1613 1368 1467 1367 1561 1149 1393 1542 1993 1759 1058 1243 1657 1812 1721 1752 1683 1765 1741 1523 1824 1430 1459 1022 1842 1749 1355 1451 1025 1403 1462 1079 1274 1294 1976 1317 1489 1016 1719 1398 1821 1460 1140 1187 1174 1912 1745 1781 1836 1033 1893 1610 1098 1328 1665 1378 1875 1661 1749 1180 1438 1559 1083 1201 1414 1729 1586 1688 1965 1501 1744 1114 1717 1632 1624 1387 1904 1244 BCNSPRNW ULIB Ver.6.0+V

เปลี่ยนเป็นภาษาไทย

Change to English
 แสดงรายละเอียดบรรณานุกรม
  กลับหน้าหลัก

Brief Record : Get Marc (ISO 2709) : E-mail record : QR code < ปิดหน้าต่าง
LEADER : 00000nam 2200000uu 4500
001    13399124538
003     ULIB
008    020711s2550 th a 000 0 tha d
020    9749588697
050    BF3^bร421พ
110    ราชบัณฑิตยสถาน
245    พจนานุกรม ศัพท์จิตวิทยา อักษร M-Z /^cราชบัณฑิตยสถาน
260    กรุงเทพฯ :^bราชบัณฑิตยสถาน,^c2550
300    490 หน้า
945    ^p180^l0^i14336
รายการนี้ยังไม่มีแท็ก
คุณยังไม่ได้ล็อกอิน คุณสามารถมีกิจกรรมร่วมกับเว็บไซต์ได้ แต่ต้องล็อกอินก่อน ::
  ล็อกอิน

รายการสื่อสารสนเทศ

ลำดับที่ ประเภท เลขเรียก/บาร์โค้ด สถานที่ สถานะ
1. การศึกษาทั่วไป
การศึกษาทั่วไป
BF3 ร421พ ฉ.1 
  Barcode: 14336
ห้องสมุดวิทยาเขตนครสวรรค์
►หนังสือทั่วไป:l:General Books
บนชั้น

BibComment


ยังไม่เคยถูกคอมเมนท์

คอมเมนท์ทรัพยากรรายการนี้
  คอมเมนท์: พจนานุกรม ศัพท์จิ..


 Copyright 2026. Bcnsprnw @Library